NFL Award Winners - Statistics

General Stats
  • This quiz has been taken 203 times
    86 since last reset
  • The average score is 61 of 75
Answer Stats
Year Award Team Answer % Correct
2024 MVP Bills Josh Allen
100%
2024 Offensive Player of the Year Eagles Saquon Barkley
100%
2018 Offensive Rookie of the Year Giants Saquon Barkley
100%
2024 Offensive Rookie of the Year Commanders Jayden Daniels
96%
2023 MVP Ravens Lamar Jackson
96%
2019 MVP Ravens Lamar Jackson
96%
2024 Defensive Player of the Year Broncos Patrick Surtain
95%
2021 MVP Packers Aaron Rodgers
93%
2020 MVP Packers Aaron Rodgers
93%
2014 MVP Packers Aaron Rodgers
93%
2011 MVP Packers Aaron Rodgers
93%
2022 MVP Chiefs Patrick Mahomes
93%
2018 MVP Chiefs Patrick Mahomes
93%
2018 Offensive Player of the Year Chiefs Patrick Mahomes
93%
2017 MVP Patriots Tom Brady
92%
2010 MVP Patriots Tom Brady
92%
2010 Offensive Player of the Year Patriots Tom Brady
92%
2023 Offensive Player of the Year 49ers Christian McCaffrey
90%
2022 Offensive Player of the Year Vikings Justin Jefferson
90%
2023 Defensive Player of the Year Browns Myles Garrett
90%
2020 Defensive Player of the Year Rams Aaron Donald
89%
2018 Defensive Player of the Year Rams Aaron Donald
89%
2017 Defensive Player of the Year Rams Aaron Donald
89%
2014 Defensive Rookie of the Year Rams Aaron Donald
89%
2015 MVP Panthers Cam Newton
89%
2015 Offensive Player of the Year Panthers Cam Newton
89%
2011 Offensive Rookie of the Year Panthers Cam Newton
89%
2023 Offensive Rookie of the Year Texans CJ Stroud
89%
2022 Defensive Player of the Year 49ers Nick Bosa
89%
2019 Defensive Rookie of the Year 49ers Nick Bosa
89%
2013 MVP Broncos Peyton Manning
89%
2013 Offensive Player of the Year Broncos Peyton Manning
89%
2021 Offensive Player of the Year Rams Cooper Kupp
88%
2021 Offensive Rookie of the Year Bengals Ja'Marr Chase
88%
2015 Defensive Player of the Year Texans JJ Watt
88%
2014 Defensive Player of the Year Texans JJ Watt
88%
2012 Defensive Player of the Year Texans JJ Watt
88%
2016 Defensive Rookie of the Year Chargers Joey Bosa
88%
2021 Defensive Player of the Year Steelers TJ Watt
88%
2011 Offensive Player of the Year Saints Drew Brees
86%
2022 Offensive Rookie of the Year Jets Garrett Wilson
86%
2016 MVP Falcons Matt Ryan
86%
2016 Offensive Player of the Year Falcons Matt Ryan
86%
2014 Offensive Player of the Year Cowboys DeMarco Murray
85%
2020 Offensive Rookie of the Year Chargers Justin Herbert
85%
2019 Offensive Rookie of the Year Cardinals Kyler Murray
85%
2020 Offensive Player of the Year Titans Derrick Henry
84%
2022 Defensive Rookie of the Year Jets Sauce Gardner
84%
2017 Offensive Rookie of the Year Saints Alvin Kamara
82%
2015 Defensive Rookie of the Year Chiefs Marcus Peters
82%
2021 Defensive Rookie of the Year Cowboys Micah Parsons
82%
2019 Offensive Player of the Year Saints Michael Thomas
82%
2023 Defensive Rookie of the Year Texans Will Anderson
79%
2012 MVP Vikings Adrian Peterson
78%
2012 Offensive Player of the Year Vikings Adrian Peterson
78%
2016 Offensive Rookie of the Year Cowboys Dak Prescott
78%
2014 Offensive Rookie of the Year Giants Odell Beckham Jr
78%
2013 Defensive Player of the Year Panthers Luke Keuchly
73%
2012 Defensive Rookie of the Year Panthers Luke Keuchly
73%
2019 Defensive Player of the Year Patriots Stephon Gilmore
73%
2017 Offensive Player of the Year Rams Todd Gurley
73%
2015 Offensive Rookie of the Year Rams Todd Gurley
73%
2020 Defensive Rookie of the Year Commanders Chase Young
68%
2016 Defensive Player of the Year Raiders Khalil Mack
68%
2011 Defensive Rookie of the Year Broncos Von Miller
67%
2012 Offensive Rookie of the Year Commanders Robert Griffin III
63%
2010 Defensive Player of the Year Steelers Troy Polamalu
60%
2017 Defensive Rookie of the Year Saints Marshon Lattimore
58%
2013 Offensive Rookie of the Year Packers Eddie Lacy
56%
2011 Defensive Player of the Year Ravens Terrell Suggs
56%
2010 Defensive Rookie of the Year Lions Ndamukong Suh
51%
2024 Defensive Rookie of the Year Rams Jared Verse
45%
2010 Offensive Rookie of the Year Rams Sam Bradford
44%
2018 Defensive Rookie of the Year Colts Shaquille Leonard
41%
2013 Defensive Rookie of the Year Jets Sheldon Richardson
19%
No matching quizzes found
Score Distribution
Percent of People with Each Score
Percentile by Number Answered
Your Score History
You have not taken this quiz since the last reset